Normal view
MARC view
- Majerus, Marianne
Entry Corporate Name
001 - CONTROL NUMBER
- control field: 88499
003 - CONTROL NUMBER IDENTIFIER
- control field: NUST
005 - DATE AND TIME OF LATEST TRANSACTION
- control field: 20220119132743.0
008 - FIXED-LENGTH DATA ELEMENTS
- fixed length control field: 220119|| aca||aabn | a|a d
040 ## - CATALOGING SOURCE
- Original cataloging agency: NUST
- Transcribing agency: NUST
110 ## - HEADING--CORPORATE NAME
- Corporate name or jurisdiction name as entry element: Majerus, Marianne
670 ## - SOURCE DATA FOUND
- Source citation: Work cat.: (NUST): Howcroft, Heidi 88498, Garden Design: , 2015.
